000 00452cam a22002054a 4500
005 20250605164303.0
008 250528s ||||||||||||||||||||||||d
035 _a22171
020 _a9780330345606
040 _aGR-AtMCL
_bgre
_dGR-AtMCL
_eAACR2
245 1 _aLAST ORDERS
250 _a1
260 _c1996
300 _a296
700 1 _aPicador
_9370
700 1 _aSwift Graham
_98036
942 _cBK
999 _c7227
_d7227